=LDR 00000nam 2200000 4500 =001 INLIS000000000010901 =005 20130612102516 =008 ***********************************Ind** =035 ##$$0010-061300000010901 =041 ##$$a Ind =082 ##$$a 334.07 =090 ##$$a 334.07, Sri e =100 ##$$a Sriyono =245 ##$$a Ekonomi dan Koprasi, SMK Kelompok bisnis dan manajemen; /kls I Semua Program studi, Drs. Sriyono =260 ##$$a 1994 $b Surakarta =300 ##$$a 144 hlm., 28 cm =850 ##$$a NBPNMAT